00479 a2200169 4500001000700000020001800007040003500025100002000060240003200080245002700112300000700139362000900146697002100155942000700176952010700183999001900290156732 a9780194401128 cEscola São Tomás de Aquino aKENSHOLE, Fiona10aCity Girl, Country Boyleng10aCity Girl, Country Boy a340 a2014 aLíngua inglesa cBK 00104070a12.22b12.22d2024-04-30l0o420 KEN CITpEST00011061r2024-04-30 22:14:01w2024-04-30yBK c156732d156732